Państwa po kawałkach flag #3 - Statystyki

Ogólne statystyki
  • Ten quiz został rozwiązany 4 248 razy
  • Średni wynik to 13 z 16
Statystyki odpowiedzi
Obrazkowy Odpowiedź % Poprawnych
Francja
97%
Jamajka
97%
Arabia Saudyjska
95%
Albania
94%
Szwajcaria
94%
Hiszpania
91%
Japonia
91%
Kazachstan
90%
Filipiny
84%
Indie
82%
Sri Lanka
82%
Egipt
79%
Korea Północna
75%
Gruzja
68%
Haiti
47%
Singapur
41%
Nie znaleziono quizów pasujących do podanych kryteriów
Rozkład punktacji
Procent ludzi z każdym wynikiem
Percentyl według liczby udzielonych odpowiedzi
Twoja historia wyników
Nie rozwiązałeś tego quizu